[Event "Santa Cruz La Palma Christmas op"]
[Site "Santa Cruz de La Palma"]
[Date "2017.12.22"]
[Round "7.14"]
[White "Bethencourt Hernandez, Valeria"]
[Black "Otero Campos, Natalia"]
[Result "1-0"]
[WhiteElo "1212"]
[BlackElo "1028"]
[PlyCount "59"]
[EventDate "2017.12.16"]
[EventType "swiss"]
[EventRounds "7"]
[EventCountry "ESP"]
[SourceTitle "EXT 2024"]
[Source "ChessBase"]
[SourceDate "2023.10.10"]
[SourceVersion "1"]
[SourceVersionDate "2023.10.10"]
[SourceQuality "1"]

1. e4 e5 2. Nf3 Nf6 3. Nc3 Nc6 4. a3 Bc5 5. Bc4 d6 6. d3 h6 7. Nd5 Bg4 8. h3 Bh5 9. Be3 Bxe3 10. Nxe3 Nd4 11. Nf5 Nxf3+ 12. gxf3 Rg8 13. Rg1 Bg6 14. Rxg6 fxg6 15. Bxg8 Nxg8 16. Nxg7+ Kd7 17. f4 exf4 18. Qg4+ Ke7 19. Qxg6 Kd7 20. e5 Ne7 21. Qe6+ Kc6 22. Qc4+ Kd7 23. e6+ Kc8 24. 0-0-0 d5 25. Qb3 Qg8 26. Rg1 Qh7 27. Qc3 f3 28. Qf6 Qg6 29. Qf8+ Qe8 30. Qxe8# 1-0